LEADER 00535nam a2200157 i 4500 001 000000168213 003 CaOOAMICUS 005 20071219000000.0 008 071219n it u000 u ita u 013 $a145615 040 $aSeMil$bita 245 10$aVol. 2. 773 0 $aDe Sanctis, Francesco <1817-1883>$tStoria della letteratura italiana.$dMilano : Kronos Europea, 1984.$w()18999 850 $aSeMil 852 $aSeMil$W1$xVenegono$y1$m1Q I 54$j119302$B119302$CSeMilBibl$Z2$F130153 $81 996 $6245$aVol. 2$9(OLS)http://semarc/title/13458 LEADER 00978nam a2200229 i 4500 001 000000021779 003 CaOOAMICUS 005 20180830125445.0 008 180830n fr u000 u und u 040 $aSeMil$bita 100 1 $aVacandard, Elphège <1849-1927>.$0(OLS)http://semarc/name/9747 245 10$aÉtudes de critique et d'histoire religieuse /$cE. Vacandard. 260 $aParis :$bJ. Gabalda 260 $aParis :$bV. Lecoffre 300 $av. ;$c18 cm. 500 $aPosseduti solo i vol. 2 e 3. 650 4$aTeologia.$0(OLS)http://semarc/subject/27 774 0 $aVacandard, Elphège <1849-1927>$t2.$dParis : V. Lecoffre, 1910.$w()42714 774 0 $aVacandard, Elphège <1849-1927>$t3.$dParis : V. Lecoffre, 1912.$w()180839 996 $6245$aÉtudes de critique et d'histoire religieuse$9(OLS)http://semarc/title/28894 996 $6260$aParis :$bV. Lecoffre$9(OLS)http://semarc/publisher/35503 996 $6260$aParis :$bJ. Gabalda$9(OLS)http://semarc/publisher/35504